000 00642cam a22002293a 4500
001 23257
003 PGUSA
005 20140828083508.0
008 071030s2007||||xxu|||||s|||||000 | eng d
040 _aPGUSA
_beng
042 _adc
050 4 _aPS
100 1 _aStrange, Michael
245 1 0 _aClair de Lune :
_bA Play in Two Acts and Six Scenes
_h[electronic resource] /
_cMichael Strange
260 _bProject Gutenberg,
_c2007
506 _aPublic domain in the USA.
516 _aElectronic text
653 _aAmerican drama
830 0 _aProject Gutenberg
_v23257
856 4 0 _uhttp://www.gutenberg.org/ebooks/23257
942 _cEB
999 _c252512
_d252512